Like a lady

Αποθηκεύτηκε σε:
Λεπτομέρειες βιβλιογραφικής εγγραφής
Κύριος συγγραφέας: Daringer, Helen Fern, 1892-1986
Άλλοι συγγραφείς: Knight, Susan (Εικονογράφος)
Μορφή: Βιβλίο
Γλώσσα:English
Δημοσίευση: New York : Harcourt, Brace and Company, [c1955]
Θέματα:
Ετικέτες: Προσθήκη ετικέτας
Δεν υπάρχουν, Καταχωρήστε ετικέτα πρώτοι!

MARC

LEADER 00000cam a2200000 i 4500
001 1/94829
008 081002s1955 eng d
035 |l 10100587 
040 |a GR-MY-UA  |b gre  |e aacr 
041 0 |a eng 
082 0 |a 813.54  |2 (22) 
100 1 |a Daringer, Helen Fern,   |d 1892-1986. 
245 1 0 |a Like a lady /  |c Helen F. Daringer ; illustrated by Susan Knight 
260 |a New York :   |b Harcourt, Brace and Company,   |c [c1955] 
300 |a 218 σ.;  |c 21 εκ. 
650 0 0 |a American literature  |y 20th century. 
650 0 0 |a American fiction  |y 20th century. 
700 1 |a Knight, Susan.  |4 ill 
852 |a INST  |b RHODES  |c AKA  |e 20081002  |h  813.54 DAR  |p 005400030812  |q 005400030812  |t BK  |y 0 
901 |a BIBL4-2008-3 
909 |a Ρ  |b 153127 
970 |a ΧΑΡΙΟΠΟΛΙΤΟΥ  |b ΚΩΝΣΤΑΝΤΙΝΑ  |z 2008/10/02